| 000 | 00910nam a2200289 i 4500 | ||
|---|---|---|---|
| 001 | 27898 | ||
| 003 | BD-RjUL | ||
| 005 | 20211209051220.0 | ||
| 008 | 140327s1976 nyu b 000 0 eng | ||
| 020 | _a0023375310 (v. 1) | ||
| 035 | _a(BD-RjUL)27978 | ||
| 040 |
_aDLC _cDLC _dDLC _dBD-RjUL _beng |
||
| 041 | _aeng | ||
| 082 | 0 | 0 |
_a973 _bAME V-I 1976 |
| 245 | 1 | 4 |
_aThe American past : _bconflicting interpretations of the great issues / _cedited by Sidney Fine and Gerald S. Brown. _nVOLUME I |
| 250 | _a4th ed. | ||
| 260 |
_aNew York : _bMacmillan, _cc1976. |
||
| 300 |
_a2 v. ; _c24 cm. |
||
| 504 | _aIncludes bibliographical references. | ||
| 651 | 0 |
_aUnited States _xHistory. _985564 |
|
| 651 | 0 |
_aUnited States _xHistory _xPhilosophy. _984170 |
|
| 700 | 1 |
_aFine, Sidney, _985565 |
|
| 700 | 1 |
_aBrown, Gerald Saxon, _eed. _985566 |
|
| 942 |
_2ddc _cBK |
||
| 999 |
_c27898 _d27898 |
||